[Event "FAI-chT 1920"]
[Site "Faroe Islands"]
[Date "2019.10.13"]
[Round "1.4"]
[White "Baldursson, Rani"]
[Black "Holgarsson, Roi"]
[Result "1-0"]
[WhiteElo "1984"]
[BlackElo "1454"]
[PlyCount "121"]
[EventDate "2019.10.13"]
[EventType "team-tourn"]
[EventRounds "10"]
[EventCountry "FAI"]
[SourceTitle "CBM 195 Extra"]
[Source "ChessBase"]
[SourceDate "2020.05.31"]
[SourceVersion "1"]
[SourceVersionDate "2020.05.31"]
[SourceQuality "1"]
[WhiteTeam "Klaksvik"]
[BlackTeam "Vestmanna"]
[WhiteTeamCountry "FAI"]
[BlackTeamCountry "FAI"]

1. e4 g6 2. d4 Bg7 3. c3 Nf6 4. Bd3 d6 5. Nf3 0-0 6. 0-0 Nbd7 7. Bg5 h6 8. Bh4 c5 9. e5 dxe5 10. dxe5 Ng4 11. e6 Nde5 12. exf7+ Kh7 13. Nxe5 Nxe5 14. Bc2 Qxd1 15. Rxd1 Nc6 16. Bb3 g5 17. Bg3 Bg4 18. f3 Bh5 19. Na3 Bxf7 20. Bxf7 Rxf7 21. Rd7 b6 22. Rc7 Ne5 23. Re1 Ng6 24. Rd7 a6 25. Nc4 b5 26. Ne5 Bxe5 27. Bxe5 Rf5 28. Bg3 Kg7 29. Bf2 Rc8 30. Re6 Rf6 31. Re1 Kf7 32. Red1 Rcc6 33. Bg3 Nf4 34. Bxf4 Rxf4 35. Re1 Re6 36. Rxe6 Kxe6 37. Ra7 Ra4 38. a3 Kd6 39. Rb7 e6 40. Rb6+ Kd5 41. Kf2 e5 42. Rxh6 Kc4 43. Rd6 Kb3 44. Rd2 b4 45. axb4 cxb4 46. cxb4 Rxb4 47. Rd6 a5 48. Rd5 a4 49. Rxe5 Kxb2 50. Rxg5 a3 51. Ra5 a2 52. g4 a1Q 53. Rxa1 Kxa1 54. h4 Kb2 55. h5 Kc3 56. Ke3 Rd4 57. h6 Kc4 58. h7 Rd8 59. g5 Kd5 60. g6 Ke6 61. g7 1-0

[Event "FAI-ch"]
[Site "Klaksvik"]
[Date "2014.04.17"]
[Round "7"]
[White "Simonsen, Hans Kristian"]
[Black "Baldursson, Rani"]
[Result "1-0"]
[WhiteElo "2184"]
[BlackElo "1895"]
[PlyCount "75"]
[EventDate "2014.04.12"]
[EventType "tourn"]
[EventRounds "9"]
[EventCountry "FAI"]
[SourceTitle "EXT 2016"]
[Source "ChessBase"]
[SourceDate "2015.10.08"]
[SourceVersion "1"]
[SourceVersionDate "2015.10.08"]
[SourceQuality "1"]

1. Nf3 Nf6 2. d4 g6 3. c4 Bg7 4. g3 0-0 5. Bg2 d6 6. 0-0 c5 7. d5 e6 8. dxe6 Bxe6 9. Ng5 Nc6 10. Nxe6 fxe6 11. Nc3 Qe7 12. Bf4 Rad8 13. Qd2 Nd4 14. Rad1 a6 15. Bg5 Qc7 16. h3 Kh8 17. Qd3 Rd7 18. Bf4 Nh5 19. Bc1 Nf6 20. e3 Nc6 21. Qe2 Rfd8 22. g4 Ne7 23. g5 Ne8 24. Rd3 d5 25. Qg4 d4 26. Ne2 e5 27. a4 dxe3 28. Rxe3 Nf5 29. Rb3 Nd4 30. Nxd4 Rxd4 31. Qe2 Nd6 32. Be3 Rxc4 33. Rxb7 Nxb7 34. Qxc4 Qb6 35. b4 Rc8 36. Rd1 Qc7 37. bxc5 Nd8 38. Qxa6 1-0

[Event "FAI-ch"]
[Site "Klaksvik"]
[Date "2014.04.16"]
[Round "6"]
[White "Baldursson, Rani"]
[Black "Jacobsen, Heidrikur Tindskar"]
[Result "0-1"]
[WhiteElo "1895"]
[BlackElo "1918"]
[PlyCount "58"]
[EventDate "2014.04.12"]
[EventType "tourn"]
[EventRounds "9"]
[EventCountry "FAI"]
[SourceTitle "EXT 2016"]
[Source "ChessBase"]
[SourceDate "2015.10.08"]
[SourceVersion "1"]
[SourceVersionDate "2015.10.08"]
[SourceQuality "1"]

1. e4 d6 2. d4 g6 3. Nf3 Bg7 4. Nbd2 c6 5. Bd3 Nd7 6. 0-0 e5 7. c3 Ne7 8. Nc4 Qc7 9. Bg5 f6 10. dxe5 dxe5 11. Bh4 b5 12. Ne3 Nc5 13. b4 Nxd3 14. Qxd3 Be6 15. c4 Rd8 16. Qc3 Qb6 17. a4 a6 18. a5 Qa7 19. Rfd1 0-0 20. Rac1 g5 21. Bg3 h5 22. h4 g4 23. Nd2 Bh6 24. c5 Rd7 25. Ndf1 Rfd8 26. Rxd7 Rxd7 27. Rd1 Rxd1 28. Nxd1 Qd7 29. f3 Qxd1 0-1

[Event "FAI-ch"]
[Site "Klaksvik"]
[Date "2014.04.16"]
[Round "5"]
[White "Poulsen, Martin"]
[Black "Baldursson, Rani"]
[Result "1-0"]
[WhiteElo "2235"]
[BlackElo "1895"]
[PlyCount "87"]
[EventDate "2014.04.12"]
[EventType "tourn"]
[EventRounds "9"]
[EventCountry "FAI"]
[SourceTitle "EXT 2016"]
[Source "ChessBase"]
[SourceDate "2015.10.08"]
[SourceVersion "1"]
[SourceVersionDate "2015.10.08"]
[SourceQuality "1"]

1. d4 f5 2. Bg5 h6 3. Bh4 g6 4. e4 d6 5. Bd3 Nf6 6. Bxf6 exf6 7. exf5 Qe7+ 8. Kd2 Bxf5 9. Bxf5 gxf5 10. Qh5+ Kd8 11. Qxf5 Nc6 12. Nf3 h5 13. Re1 Bh6+ 14. Kd1 Qf7 15. Nc3 Ne7 16. Qe6 Qxe6 17. Rxe6 f5 18. Ke1 Kd7 19. Re2 Rae8 20. Kf1 c6 21. Rae1 Ng6 22. Rxe8 Rxe8 23. Rxe8 Kxe8 24. Ne2 f4 25. g3 Ke7 26. Ne1 Ke6 27. Nd3 fxg3 28. hxg3 Kf5 29. f3 a5 30. Kf2 Bg5 31. f4 Bf6 32. Kf3 Ne7 33. Nf2 d5 34. g4+ hxg4+ 35. Nxg4 Bh8 36. Ne5 c5 37. Nf7 Bxd4 38. Nxd4+ cxd4 39. Nd6+ Kf6 40. Nxb7 Nc6 41. a3 Kf5 42. Nc5 Ne7 43. b4 axb4 44. axb4 1-0

[Event "FAI-chT 1314"]
[Site "Torshavn"]
[Date "2013.11.16"]
[Round "3.2"]
[White "Samuelsen, Carl Eli Nolsoe"]
[Black "Baldursson, Rani"]
[Result "1/2-1/2"]
[WhiteElo "2194"]
[BlackElo "1943"]
[PlyCount "36"]
[EventDate "2013.10.27"]
[EventType "team-tourn"]
[EventRounds "10"]
[EventCountry "FAI"]
[SourceTitle "EXT 2015"]
[Source "ChessBase"]
[SourceDate "2014.11.20"]
[SourceVersion "1"]
[SourceVersionDate "2014.11.20"]
[SourceQuality "1"]
[WhiteTeam "Sandavagur"]
[BlackTeam "Klaksvik II"]
[WhiteTeamCountry "FAI"]
[BlackTeamCountry "FAI"]

1. d4 Nf6 2. g3 g6 3. Bg2 Bg7 4. e4 d6 5. Nc3 0-0 6. Nge2 e5 7. h3 exd4 8. Nxd4 Re8 9. 0-0 Nbd7 10. Nb3 Nb6 11. Re1 c6 12. a4 a5 13. Nd4 d5 14. exd5 Rxe1+ 15. Qxe1 Nfxd5 16. Nxd5 Nxd5 17. c3 Bd7 18. Nc2 Qb6 1/2-1/2

[Event "FAI-ch B"]
[Site "Torshavn"]
[Date "2013.03.30"]
[Round "9"]
[White "Baldursson, Rani"]
[Black "Andreasen, Jakup a Rogvi"]
[Result "1/2-1/2"]
[WhiteElo "1896"]
[BlackElo "1979"]
[PlyCount "135"]
[EventDate "2013.03.23"]
[EventType "tourn"]
[EventRounds "9"]
[EventCountry "FAI"]
[SourceTitle "EXT 2015"]
[Source "ChessBase"]
[SourceDate "2014.11.20"]
[SourceVersion "1"]
[SourceVersionDate "2014.11.20"]
[SourceQuality "1"]

1. e4 c5 2. Nc3 Nc6 3. f4 g6 4. Nf3 Bg7 5. Bb5 Nd4 6. 0-0 a6 7. Bc4 b5 8. Be2 Bb7 9. d3 Nf6 10. e5 Nd5 11. Nxd5 Nxe2+ 12. Qxe2 Bxd5 13. c4 Be6 14. Ng5 d5 15. Nxe6 fxe6 16. b3 0-0 17. Be3 Qc7 18. Qg4 Rf5 19. a4 bxc4 20. bxc4 g5 21. cxd5 h5 22. Qxh5 gxf4 23. Qg6 Qxe5 24. Bxc5 Rg5 25. Qe4 Qxe4 26. dxe4 Bxa1 27. Rxa1 exd5 28. exd5 Re5 29. Kf2 Kf7 30. Kf3 Rxd5 31. Bb6 e5 32. Ke4 Ke6 33. Rc1 Rd6 34. a5 Rh8 35. g3 fxg3 36. hxg3 Rg8 37. Rc3 Rg4+ 38. Kf3 Kf5 39. Re3 e4+ 40. Ke2 Rc6 41. Kd2 Rg7 42. Ke1 Rc2 43. Kf1 Rh7 44. Kg1 Rd7 45. Re1 Rdd2 46. g4+ Ke5 47. Be3 Rg2+ 48. Kh1 Rxg4 49. Rd1 Rc7 50. Bg1 Rc6 51. Rf1 Rh6+ 52. Bh2+ Kd5 53. Rd1+ Kc4 54. Rc1+ Kb5 55. Rc5+ Kb4 56. Rc4+ Kxa5 57. Rc5+ Kb6 58. Rb5+ Kc6 59. Rb6+ Kd5 60. Rxh6 e3 61. Rxa6 Rg8 62. Rd6+ Ke4 63. Re6+ Kd3 64. Bf4 e2 65. Re3+ Kd2 66. Re8+ Kd1 67. Rxg8 e1Q+ 68. Rg1 1/2-1/2

[Event "FAI-chT 1213"]
[Site "Faroe Islands"]
[Date "2013.03.03"]
[Round "9.2"]
[White "Baldursson, Rani"]
[Black "Nielsen, Hogni Egilstoft"]
[Result "0-1"]
[WhiteElo "1890"]
[BlackElo "2064"]
[PlyCount "70"]
[EventDate "2012.10.28"]
[EventType "team-tourn"]
[EventRounds "10"]
[EventCountry "FAI"]
[SourceTitle "EXT 2014"]
[Source "ChessBase"]
[SourceDate "2013.11.20"]
[SourceVersion "1"]
[SourceVersionDate "2013.11.20"]
[SourceQuality "1"]
[WhiteTeam "Klaksvik II"]
[BlackTeam "Sandavagur"]
[WhiteTeamCountry "FAI"]
[BlackTeamCountry "FAI"]

1. Nf3 e6 2. g3 d5 3. Bg2 Nf6 4. 0-0 Be7 5. d3 c5 6. Nbd2 Nc6 7. e4 0-0 8. e5 Ng4 9. Qe2 Qc7 10. Re1 Nh6 11. Nf1 Nf5 12. c3 Rd8 13. Bf4 b5 14. g4 Nh4 15. Nxh4 Bxh4 16. g5 f6 17. gxf6 Bxf6 18. exf6 Qxf4 19. fxg7 Rb8 20. Ng3 Rb7 21. Nh5 Qh4 22. Rad1 Rf7 23. Ng3 Ne7 24. c4 Ng6 25. cxd5 exd5 26. Bxd5 Rxd5 27. Qe8+ Kxg7 28. Qxc8 Nf4 29. Rd2 Qg5 30. Re8 Kh6 31. Rd1 Qf6 32. Rde1 Rd6 33. Rg8 Ng6 34. Qh3+ Nh4 35. Qg4 Qxf2+ 0-1

[Event "FAI-chT 1213"]
[Site "Faroe Islands"]
[Date "2013.01.19"]
[Round "7.2"]
[White "Berg, Olaf"]
[Black "Baldursson, Rani"]
[Result "1-0"]
[WhiteElo "2254"]
[BlackElo "1890"]
[PlyCount "49"]
[EventDate "2012.10.28"]
[EventType "team-tourn"]
[EventRounds "10"]
[EventCountry "FAI"]
[SourceTitle "EXT 2014"]
[Source "ChessBase"]
[SourceDate "2013.11.20"]
[SourceVersion "1"]
[SourceVersionDate "2013.11.20"]
[SourceQuality "1"]
[WhiteTeam "Havnin"]
[BlackTeam "Klaksvik II"]
[WhiteTeamCountry "FAI"]
[BlackTeamCountry "FAI"]

1. e4 d6 2. d4 Nf6 3. Nc3 e5 4. d5 Be7 5. g3 c6 6. Bg2 cxd5 7. exd5 Bf5 8. h3 Nbd7 9. Nge2 0-0 10. g4 Bg6 11. Ng3 Qb6 12. g5 Ne8 13. h4 f6 14. h5 fxg5 15. Be3 Qxb2 16. Na4 Qxc2 17. hxg6 Qxd1+ 18. Rxd1 h6 19. Bh3 Nb6 20. Be6+ Kh8 21. Nxb6 axb6 22. Nf5 Bd8 23. Bf7 Rxa2 24. Kf1 Bf6 25. Nxh6 1-0

[Event "FAI-chT 1213"]
[Site "Faroe Islands"]
[Date "2012.10.28"]
[Round "1.1"]
[White "Baldursson, Rani"]
[Black "Simonsen, Olavur"]
[Result "0-1"]
[WhiteElo "1890"]
[BlackElo "2220"]
[PlyCount "82"]
[EventDate "2012.10.28"]
[EventType "team-tourn"]
[EventRounds "10"]
[EventCountry "FAI"]
[SourceTitle "EXT 2014"]
[Source "ChessBase"]
[SourceDate "2013.11.20"]
[SourceVersion "1"]
[SourceVersionDate "2013.11.20"]
[SourceQuality "1"]
[WhiteTeam "Klaksvik II"]
[BlackTeam "Klaksvik"]
[WhiteTeamCountry "FAI"]
[BlackTeamCountry "FAI"]

1. e4 Nc6 2. Nf3 d5 3. exd5 Qxd5 4. Nc3 Qa5 5. h3 e5 6. Bb5 Bd7 7. 0-0 0-0-0 8. Re1 f6 9. a3 Nge7 10. d3 Nf5 11. Nd2 Qb6 12. Nc4 Qc5 13. b4 Qe7 14. Bxc6 Bxc6 15. b5 Bd7 16. Be3 Nxe3 17. fxe3 Be6 18. Na5 Qc5 19. Qd2 Be7 20. Kh1 g5 21. Ne4 Qd5 22. Qc3 f5 23. Nf2 g4 24. hxg4 fxg4 25. Ne4 Bf5 26. Qc4 Bxe4 27. dxe4 Qd6 28. Qe2 Qh6+ 29. Kg1 Qh4 30. Qf2 g3 31. Qf5+ Kb8 32. Qh3 Qxe4 33. Re2 Bc5 34. Qh6 Rd6 35. Qg7 Bxe3+ 36. Kf1 Qf4+ 37. Ke1 Bf2+ 38. Kf1 Bd4+ 39. Ke1 Bc3+ 40. Rd2 Qf2+ 41. Kd1 Qf1# 0-1

[Event "FAI-chT"]
[Site "Faroe Islands"]
[Date "2012.02.12"]
[Round "7.4"]
[White "Hansen, Herluf"]
[Black "Baldursson, Rani"]
[Result "0-1"]
[WhiteElo "2049"]
[BlackElo "1880"]
[PlyCount "66"]
[EventDate "2011.10.30"]
[EventType "team-tourn"]
[EventRounds "10"]
[EventCountry "FAI"]
[SourceTitle "EXT 2013"]
[Source "ChessBase"]
[SourceDate "2012.11.22"]
[SourceVersion "1"]
[SourceVersionDate "2012.11.22"]
[SourceQuality "1"]
[WhiteTeam "Havnin"]
[BlackTeam "Klaksvik II"]
[WhiteTeamCountry "FAI"]
[BlackTeamCountry "FAI"]

1. Nf3 Nf6 2. d4 g6 3. Nbd2 Bg7 4. e4 d6 5. c3 0-0 6. Bd3 c5 7. 0-0 Bg4 8. Re1 Nc6 9. h3 Bxf3 10. Nxf3 Nd7 11. dxc5 Nxc5 12. Bf1 a6 13. a4 Rb8 14. Nd4 Qc7 15. Ra3 Rfc8 16. Nc2 b5 17. axb5 axb5 18. Ne3 e6 19. Ng4 b4 20. cxb4 Rxb4 21. Bd2 Rxb2 22. Bc3 Bxc3 23. Rxc3 Qa5 24. Qf3 Ne5 25. Nxe5 dxe5 26. Rec1 Rb6 27. Qf6 Rbc6 28. Qxe5 Qc7 29. Qd4 Qe7 30. Qe3 e5 31. Bc4 Kg7 32. Bd5 R6c7 33. Rc4 Na6 0-1

[Event "FAI-chT"]
[Site "Faroe Islands"]
[Date "2011.11.20"]
[Round "3.3"]
[White "Baldursson, Rani"]
[Black "Nielsen, Rogvi Egilstoft"]
[Result "0-1"]
[WhiteElo "1880"]
[BlackElo "2137"]
[PlyCount "80"]
[EventDate "2011.10.30"]
[EventType "team-tourn"]
[EventRounds "10"]
[EventCountry "FAI"]
[SourceTitle "EXT 2013"]
[Source "ChessBase"]
[SourceDate "2012.11.22"]
[SourceVersion "1"]
[SourceVersionDate "2012.11.22"]
[SourceQuality "1"]
[WhiteTeam "Klaksvik II"]
[BlackTeam "Sandavagur"]
[WhiteTeamCountry "FAI"]
[BlackTeamCountry "FAI"]

1. e4 e5 2. Nf3 Nc6 3. d4 exd4 4. Nxd4 Nf6 5. Nxc6 bxc6 6. e5 Qe7 7. Qe2 Nd5 8. c4 Ba6 9. b3 Qh4 10. a3 Rb8 11. g3 Qe7 12. Nd2 g6 13. Bb2 Bg7 14. Bg2 0-0 15. 0-0 Nb6 16. Rfe1 d5 17. Rac1 Rfe8 18. h4 Nd7 19. Qe3 Nb6 20. Bd4 Rbd8 21. c5 Nd7 22. f4 f6 23. Nf3 fxe5 24. fxe5 Nf8 25. Bh3 Bc8 26. Bxc8 Rxc8 27. Rf1 Ne6 28. Bc3 Rf8 29. b4 Rf5 30. Nd4 Nxd4 31. Bxd4 Rcf8 32. Rxf5 Rxf5 33. Rf1 Qf7 34. Rf4 Bh6 35. e6 Qe7 36. Kf2 Bxf4 37. gxf4 Qxh4+ 38. Ke2 Qxf4 39. e7 Qxe3+ 40. Kxe3 Kf7 0-1

[Event "FAI-chT"]
[Site "Faroe Islands"]
[Date "2011.11.06"]
[Round "2.2"]
[White "Baldursson, Rani"]
[Black "Simonsen, Hans Kristian"]
[Result "0-1"]
[WhiteElo "1880"]
[BlackElo "2193"]
[PlyCount "42"]
[EventDate "2011.10.30"]
[EventType "team-tourn"]
[EventRounds "10"]
[EventCountry "FAI"]
[SourceTitle "EXT 2013"]
[Source "ChessBase"]
[SourceDate "2012.11.22"]
[SourceVersion "1"]
[SourceVersionDate "2012.11.22"]
[SourceQuality "1"]
[WhiteTeam "Klaksvik II"]
[BlackTeam "Havnin"]
[WhiteTeamCountry "FAI"]
[BlackTeamCountry "FAI"]

1. e4 e6 2. d4 d5 3. exd5 exd5 4. Bd3 Bd6 5. Ne2 Qf6 6. Nbc3 c6 7. Be3 Nh6 8. h3 Nf5 9. Qd2 Nxe3 10. Qxe3+ Be6 11. f4 0-0 12. 0-0-0 Re8 13. g4 Na6 14. Qf3 Nb4 15. h4 Bd7 16. Kb1 Nxd3 17. Rxd3 b5 18. f5 b4 19. Nd1 Re4 20. Nf2 Rae8 21. Rd2 Re3 0-1

[Event "FAI-chT"]
[Site "Faroe Islands"]
[Date "2011.10.30"]
[Round "1.1"]
[White "Baldursson, Rani"]
[Black "Simonsen, Olavur"]
[Result "0-1"]
[WhiteElo "1880"]
[BlackElo "2247"]
[PlyCount "96"]
[EventDate "2011.10.30"]
[EventType "team-tourn"]
[EventRounds "10"]
[EventCountry "FAI"]
[SourceTitle "EXT 2013"]
[Source "ChessBase"]
[SourceDate "2012.11.22"]
[SourceVersion "1"]
[SourceVersionDate "2012.11.22"]
[SourceQuality "1"]
[WhiteTeam "Klaksvik II"]
[BlackTeam "Klaksvik"]
[WhiteTeamCountry "FAI"]
[BlackTeamCountry "FAI"]

1. e4 d5 2. exd5 Nf6 3. d4 Nxd5 4. Bc4 e6 5. Nf3 Be7 6. 0-0 0-0 7. Nc3 b6 8. Re1 Bb7 9. Nxd5 exd5 10. Bd3 c5 11. c3 Nc6 12. Bf4 Re8 13. Ne5 Nxe5 14. Bxe5 Bf8 15. Re3 f6 16. Qh5 g6 17. Bxg6 hxg6 18. Qxg6+ Bg7 19. Bxf6 Qxf6 20. Rxe8+ Rxe8 21. Qxe8+ Qf8 22. Qxf8+ Kxf8 23. Rd1 Kf7 24. f3 Ke6 25. Kf2 Kf5 26. g3 Bc6 27. h3 Bf8 28. Ke3 b5 29. f4 a5 30. g4+ Kf6 31. h4 b4 32. h5 Ba4 33. Rg1 Bc2 34. g5+ Kg7 35. Rf1 Bf5 36. Kf3 c4 37. Re1 Be4+ 38. Ke3 a4 39. Kd2 b3 40. h6+ Kg6 41. axb3 cxb3 42. Ra1 a3 43. bxa3 b2 44. Re1 Bxa3 45. Ke3 b1Q 46. Rxb1 Bxb1 47. f5+ Bxf5 48. Kf4 Bd6+ 0-1

[Event "FAI-chT 0809"]
[Site "Faroe Islands"]
[Date "2009.01.25"]
[Round "7.1"]
[White "Nielsen, Torkil"]
[Black "Baldursson, Rani"]
[Result "0-1"]
[WhiteElo "2107"]
[BlackElo "1901"]
[PlyCount "82"]
[EventDate "2008.09.28"]
[EventType "team-tourn"]
[EventRounds "10"]
[EventCountry "FAI"]
[SourceTitle "EXT 2011"]
[Source "ChessBase"]
[SourceDate "2010.11.26"]
[SourceVersion "1"]
[SourceVersionDate "2010.11.26"]
[SourceQuality "1"]

1. e4 d5 2. exd5 Qxd5 3. d4 c6 4. c4 Qa5+ 5. Bd2 Qc7 6. Bd3 Nf6 7. Nf3 Bg4 8. 0-0 e6 9. Re1 Bd6 10. h3 Bh5 11. Nc3 0-0 12. Rc1 Nbd7 13. Kh1 a6 14. Ne4 Nxe4 15. Bxe4 Nf6 16. Bb1 Bf4 17. Rc3 Rad8 18. Qc1 Bxd2 19. Qxd2 c5 20. Qg5 cxd4 21. Rb3 Bg6 22. Bxg6 hxg6 23. Qh4 Rd7 24. Ne5 Qa5 25. Re2 d3 26. Nxd3 Qxa2 27. Ra3 Qb1+ 28. Re1 Qc2 29. Ne5 Rd1 30. f4 Rfd8 31. Kh2 Rxe1 32. Qxe1 Rd2 33. Rg3 Nh5 34. Rg4 Nxf4 35. Qg3 Rxg2+ 36. Qxg2 Nxg2 37. Rxg2 Qe4 38. Ng4 Qxc4 39. Rf2 f6 40. Ne3 Qd4 41. Ng4 f5 0-1